تاريخ منطقة البلقاء و معان و الكرك 1281-1337هـ ، 1864-1918م / (رقم التسجيلة. 28413)

تفاصيل مارك
000 -LEADER
fixed length control field 00673nam a22001937a 4500
005 - DATE AND TIME OF LATEST TRANSACTION
control field 20251108165446.0
008 - FIXED-LENGTH DATA ELEMENTS--GENERAL INFORMATION
fixed length control field 250721s1992 xx 000 0 ara d
082 14 - DEWEY DECIMAL CLASSIFICATION NUMBER
Classification number م/956.08/طرا
100 1# - MAIN ENTRY--PERSONAL NAME
Personal name الطراونه، محمد سالم غثيان
245 10 - TITLE STATEMENT
Title تاريخ منطقة البلقاء و معان و الكرك 1281-1337هـ ، 1864-1918م /
264 1# - PRODUCTION, PUBLICATION, DISTRIBUTION, MANUFACTURE, AND COPYRIGHT NOTICE
Place of production, publication, distribution, manufacture عمان :
Name of producer, publisher, distributor, manufacturer وزارة الثقافة،
Date of production, publication, distribution, manufacture, or copyright notice 1992.
300 ## - PHYSICAL DESCRIPTION
Extent 409ص.
500 ## - GENERAL NOTE
General note رسالة ماجستير ، الجامعة الأردنية ، 1992
650 17 - SUBJECT ADDED ENTRY--TOPICAL TERM
Topical term or geographic name as entry element العثمانيون
650 17 - SUBJECT ADDED ENTRY--TOPICAL TERM
Topical term or geographic name as entry element الأردن
650 17 - SUBJECT ADDED ENTRY--TOPICAL TERM
Topical term or geographic name as entry element العصر العثماني
942 ## - ADDED ENTRY ELEMENTS (KOHA)
Source of classification or shelving scheme Dewey Decimal Classification
Koha item type مراجع
المقتنيات
حالة السحب حالة الفقدان مصدر التصنيف حالة التلف غير قابل للإعارة المكتبة الرئيسية المكتبة الحالية موقع الرف تاريخ التزويد الرقم المتسلسل Total Checkouts رقم الإستدعاء الباركود تاريخ آخر ظهور تاريخ الفاتورة نوع المادة (كوها)
    Dewey Decimal Classification   Not For Loan المكتبة المركزية المكتبة المركزية مراجع 06/07/2004 170668   م/956.08/طرا 170668 28/07/2025 06/07/2004 مراجع
    Dewey Decimal Classification   Not For Loan مكتبة الأميرة ايمان العامة مكتبة الأميرة ايمان العامة مراجع 30/10/2013 [833]   م/956.08/طرا PLD00284560 28/07/2025 30/10/2013 مراجع
    Dewey Decimal Classification   Not For Loan مكتبة الاميرة بديعة مكتبة الاميرة بديعة مراجع 06/07/2004 3158   م/956.08/طرا 3158 28/07/2025 06/07/2004 مراجع
    Dewey Decimal Classification   Not For Loan مكتبة الجويدة مكتبة الجويدة مراجع 17/06/2015 (2873)   م/956.08/طرا PLD00331926 28/07/2025 17/06/2015 مراجع
    Dewey Decimal Classification   Not For Loan مكتبة الحسن العامة مكتبة الحسن العامة مراجع 06/07/2004 6743   م/956.08/طرا 6743 28/07/2025 06/07/2004 مراجع
    Dewey Decimal Classification     مكتبة الحسن العامة مكتبة الحسن العامة الإعارة 05/08/2018 07363   م/956.08/طرا PLD00426633 28/07/2025 05/08/2018 مراجع
    Dewey Decimal Classification   Not For Loan مكتبة النصر العامة مكتبة النصر العامة مراجع 06/07/2004 4889   م/956.08/طرا 4889 28/07/2025 06/07/2004 مراجع
    Dewey Decimal Classification   Not For Loan مكتبة تاريخ الأردن مكتبة تاريخ الأردن لا يعار 12/11/2009 1329662   م/956.08/طرا PLD00118966 28/07/2025 12/11/2009 مراجع
    Dewey Decimal Classification   Not For Loan مكتبة صويلح العامة مكتبة صويلح العامة مراجع 08/10/2019 0006186   م/956.08/طرا PLD00470670 28/07/2025 08/10/2019 مراجع
    Dewey Decimal Classification     مكتبة وادي السير العامة مكتبة وادي السير العامة الإعارة 10/04/2016 [3559]....   م/956.08/طرا PLD00385582 28/07/2025 10/04/2016 مراجع
Implemented & Customized by: BBB with SCIT (Smart Chains for Information Technology)

Powered by Koha